| 000 | 00000nam##2200000za#4500 |
| 001 | 9.675684 |
| 003 | CaOODSP |
| 005 | 20210624225401 |
| 007 | cr ||||||||||| |
| 008 | 150407|2006||||xxc|||||o f|0| 0 fre|d |
| 040 | |aCaOODSP|bfre |
| 041 | |aeng |
| 041 | |afre |
| 043 | |an-cn--- |
| 086 | 1 |aEn154-42/2006-PDF |
| 110 | 1 |aCanada. |bEnvironnement Canada. |
| 245 | 10|aAide-mémoire sur le tétrachloroéthylène (PERC) pour le nettoyage à sec |h[ressource électronique] |
| 260 | |aSainte-Foy - Québec : |bEnvironnement Canada |cc2007. |
| 300 | |a1p.|bill. en couleur |
| 500 | |aLe n° de catalogue (En154-42/2006) et l'ISBN (0-662-49480-6) de l'édition imprimée bilingue ont été incorrectement copiés dans la version électronique. |
| 590 | |a12-31-Supp|b2012-07-06 |
| 691 | 07|aPolluant|2gcpds |
| 791 | |tTetrachloroethylene (PERC) in dry cleaning at a glance |eeng|w(CaOODSP)9.675683 |
| 856 | 40|ahttp://publications.gc.ca|qPDF|s448 Ko|uhttps://publications.gc.ca/collections/collection_2012/ec/En154-42-2006.pdf |